Sports Quiz

Random Sports Quiz
Score 0/23 Timer 05:00
0 Plays Today
First-last All-Star selection with team Player % Correct
1980-1992Larry Bird
96.5%
2002-2012Paul Pierce
96.3%
2008-2013Kevin Garnett
95%
2010-2013Rajon Rondo
89.8%
2008-2011Ray Allen
86.9%
1958-1969Bill Russell
85.9%
1984-1991Kevin McHale
78.6%
1981-1991Robert Parish
71%
1951-1963Bob Cousy
67.1%
1966-1978John Havlicek
57.1%
1998-2003Antoine Walker
56.3%
1985-1985Dennis Johnson
54.4%
First-last All-Star selection with team Player % Correct
1988-1988Danny Ainge
48.1%
1962-1968Sam Jones
47.7%
1972-1980Dave Cowens
40.8%
1992-1992Reggie Lewis
38.7%
1971-1977Jo Jo White
34.5%
1957-1965Tom Heinsohn
34.1%
1980-1982Tiny Archibald
27.4%
1953-1960Bill Sharman
25%
1975-1975Paul Silas
12.4%
1951-1956Ed Macauley
11.6%
1967-1967Bailey Howell
7.8%
Remove Ads.
Support Sporcle.
Get the best of Sporcle when you Go Orange. This ad-free experience offers more features, more stats, and more fun while also helping to support Sporcle. Thank you for becoming a member.

You're not logged in!

Compare scores with friends on all Sporcle quizzes.
OR
Log In

Show Comments

Extras

Top Quizzes Today


Score Distribution

Your Account Isn't Verified!

In order to create a playlist on Sporcle, you need to verify the email address you used during registration. Go to your Sporcle Settings to finish the process.

Report this User

Report this user for behavior that violates our Community Guidelines.

Details: